|
|
|
|
| LEADER |
00864nam a2200205 a 4500 |
| 001 |
3030500 |
| 008 |
091105s1982 enka b 001 0 eng d |
| 020 |
|
|
|a 0862320410 :
|c Đ16.95
|
| 040 |
|
|
|a Uk
|c Uk
|
| 082 |
0 |
0 |
|a 338.1/8/091724
|2 19
|
| 100 |
1 |
|
|a De Vylder, Stefan.
|
| 245 |
0 |
0 |
|a Agriculture in chains :
|b Bangladesh : a case study in contradictions and constraints /
|c Stefan de Vylder.
|
| 260 |
|
|
|a London :
|b Zed Press,
|c 1982.
|
| 300 |
|
|
|a xii,164p. :
|b ill. ;
|c 23 cm.
|
| 504 |
|
|
|a Bibliography: p. 157-164.
|
| 541 |
1 |
|
|e 00001689
|
| 650 |
|
0 |
|a Agriculture
|x Economic aspects
|z Developing countries
|x Case studies.
|
| 852 |
4 |
|
|a Ayesha Abed Library
|j General shelf
|
| 999 |
|
|
|c 5159
|d 5159
|
| 952 |
|
|
|0 0
|1 0
|2 ddc
|4 0
|6 338_180917240000000_DEV_1982
|7 0
|9 5012
|a BRACUL
|b BRACUL
|c GEN
|d 2009-11-07
|g 200.00
|l 1
|m 2
|o 338.18091724 DEV
|p 3010001689
|r 2011-07-25
|s 2011-06-11
|t 1
|v 400.00
|w 2009-11-07
|y BK
|